00432nam a2200181Ia 4500003000400000005001700004008004100021020001900062040000700081041000800088082001300096100002000109245005000129260002000179300000900199650002300208700001900231OSt20251212115259.0250729s2005 xx 000 0 und d a978-8188837519 cAL aeng a613 KUMP aKumar Sudarshan aPrinciples and practice in physical education aNew Delhic2005 a152p aPhysical Education aRao Digumurthi